00267nam a2200121Ia 4500008004100000100001600041245001700057260002600074300000800100650001300108942000700121999001700128190216s9999||||xx |||||||||||||| ||und|| aBasheer M M 0aSameekshanam bPoorna Pubs Kozhikode a133 aLekhanam cBK c27008d27008